00760nam a22001817a 4500003000900000008004100009040007100050082002400121245005300145260005200198300003000250440002700280505013500307650003100442650002200473650002000495700006300515AR-CdUCM190327b ||||| |||| 00| 0 spa d aMUNICIPALIDAD PROVINCIAL DEL CUSCOcBIBLIOTECA MUNICIPAL DEL CUSCO a869.53 /bU7 / 1951 aUsca paucar : bdrama quechua del siglo XVIII /  aLima :b[Sociedad peruana de historia], c1951. a178 páginas ;c24.5 cm. aSerie I: Monografías aContenido: aparato crítico, con referencia al texto de Middendorf -- Texto modernizado y mejorado -- Traducción Castellana ... aTeatro histórico peruano aÉpoca Colonial. aTeatro peruano  aMeneses, Teodoro L. (Introducción, traducción y notas)